Normal view
MARC view
- Water Engineering
Entry Topical Term
001 - CONTROL NUMBER
- control field: 4096
003 - CONTROL NUMBER IDENTIFIER
- control field: JO-AjAnu
005 - DATE AND TIME OF LATEST TRANSACTION
- control field: 20230606070954.0
008 - FIXED-LENGTH DATA ELEMENTS
- fixed length control field: 230606|| aca||aabn | a|a d
040 ## - CATALOGING SOURCE
- Original cataloging agency: JO-AjAnu
- Transcribing agency: JO-AjAnu
150 ## - HEADING--TOPICAL TERM
- Topical term or geographic name entry element: Water Engineering
670 ## - SOURCE DATA FOUND
- Source citation: Work cat.: (JO-AjAnu)2130: lal/Upadhyay, author 4095, Water Supply and Waste Water Engineering